General Botany:For Universities and Coleges (Record no. 1778)

MARC details
000 -LEADER
fixed length control field 00403nam a2200145Ia 4500
008 - FIXED-LENGTH DATA ELEMENTS--GENERAL INFORMATION
fixed length control field 211109s9999||||xx |||||||||||||| ||und||
082 ## - DEWEY DECIMAL CLASSIFICATION NUMBER
Classification number 580
Item number DEN-G
100 ## - MAIN ENTRY--PERSONAL NAME
Personal name Densmore, Hiram D
245 #0 - TITLE STATEMENT
Title General Botany:For Universities and Coleges
260 ## - PUBLICATION, DISTRIBUTION, ETC.
Name of publisher, distributor, etc. Unknown
Place of publication, distribution, etc. Noplace
Date of publication, distribution, etc. 1920
300 ## - PHYSICAL DESCRIPTION
Extent 459p.
630 ## - SUBJECT ADDED ENTRY--UNIFORM TITLE
General subdivision General Stack
650 ## - SUBJECT ADDED ENTRY--TOPICAL TERM
Topical term or geographic name entry element Natural Sciences
942 ## - ADDED ENTRY ELEMENTS (KOHA)
Koha item type BOOK
650 ## - SUBJECT ADDED ENTRY--TOPICAL TERM
Form subdivision Plants: ZoologyBotany
General subdivision Botany
Holdings
Withdrawn status Lost status Damaged status Not for loan Home library Current library Date acquired Cost, normal purchase price Total Checkouts Full call number Barcode Shelving location Date last seen Price effective from Koha item type
        SB LIBRARY SB LIBRARY 09/11/2021 50.00   580 DEN-G 00001938 GENERAL STACK 09/11/2021 09/11/2021 BOOK

Powered by Koha